Регионална библиотека "Любен Каравелов" - Русе

Първите 1000 думи на руски (Запис номер 201195)

MARC детайли
000 -Лидер
Контролно поле с фиксирана дължина 01757nam a2200397 c 4500
003 - Код на организацията, давaща контролен номер
Контролно поле BLK
005 - Дата и час на последна редакция
Контролно поле 20231101123529.0
008 - Елементи от данни с фиксирана дължина
fixed length control field 180411b bul|||||r ||||||| ||bul||
010 ## - Наследен системен номер
LC control number KNG00210629000
020 ## - Международен стандартен номер на книга ISBN
Международен стандартен номер на книга ISBN 978-619-151-333-8
040 ## - Източник на каталожния запис
Идентификатор на билиотеката - собственик на записа BLK
041 ## - Код за език
Код за езика на текст/звукозапис или на отделно заглавие Български
Код за езика КДБФ Български
072 #7 - Код за тематичната категория
Код организация bullib
Код за тематична категория Н86
Текст Детска отраслова литература Н
080 ## - УДК
Текстов определител УДК Чужди езици - учебни предмети
УДК код - определител по УДК 373.3.016:81`243
УДК - код + определител 373.3.016:81`243
080 ## - УДК
Текстов определител УДК Издания за деца и юноши. Книжки-картинки. Читанки. Вж и 372.4
УДК код - определител по УДК 087.5
УДК - код + определител 087.5
139 ## - Редно поле
Редна дума Първите 1000 думи на руски
Авторски знак Пър - П 97
245 10 - Сведения за заглавието
Заглавие Първите 1000 думи на руски
Подзаглавни данни Картинен речник + произношения онлайн
Редно поле (дума) ил. Стивън Картрайт; прев. Христина Йотова.
257 ## - Страна на издаване
Страна на създаване/издаване България
260 ## - Област на издателските данни
Име на издателя, разпространителя и проч. СофтПрес
Година на издаване 2006
Печатница Добрич : Фолиарт
300 ## - Физическа характеристика
Страници 64 с.
Илюстрации и др. с цв. ил.
Размери/Мащаб 31 см
380 ## - Жанр
Жанр Детска отраслова лит.
500 ## - Общи забележки
Забележка Ориг. загл.: First thousand words in Russian. - Името на ил. отбелязано на кор. ; Името на прев. отбелязано в изд. каре. - Азб. показалец
653 ## - Ключова дума – ненормативна
Ключова дума руски език
653 ## - Ключова дума – ненормативна
Ключова дума картинни речници
659 ## - Тематичен бюлетин
Тематичен бюлетин Н
700 1# - Други автори (авторска отговорност)
Лично име Картрайт, Стивън
Автороска отговорност (Описва отношението между автора и произведението) ил.
9 (RLIN) 77303
700 1# - Други автори (авторска отговорност)
Лично име Йотова, Христина
Автороска отговорност (Описва отношението между автора и произведението) прев.
9 (RLIN) 386189
852 ## - Местоположение
Форматна сигнатура Цб ІІ 21952
856 4# - Електронен адрес и достъп
Електронен формат pdf - файл
856 4# - Електронен адрес и достъп
Електронен формат pdf - файл
942 ## - АРТИКУЛИ
Вид на библиотечния материал Книги
Скрит в OPAC Не
Koha issues (borrowed), all copies 4
944 ## - СЪЗДАВАНЕ И РЕДАКЦИЯ на ЗАПИСА
Създаване/Редакция Създаване
Дата на регистрацията/редакция 03.08.2017
Служител, извършил регистрацията/редакцията 30532
Статус, дата на статуса Мира Стойчева
944 ## - СЪЗДАВАНЕ И РЕДАКЦИЯ на ЗАПИСА
Създаване/Редакция Редакция
Дата на регистрацията/редакция 18.10.2017
Служител, извършил регистрацията/редакцията Грета_Цуфелде
999 ## - СИСТЕМНИ КОНТРОЛНИ НОМЕРА
Koha biblionumber 201195
Koha biblioitemnumber 201195
999 ## - СИСТЕМНИ КОНТРОЛНИ НОМЕРА
Koha biblioitemnumber 201195
999 ## - СИСТЕМНИ КОНТРОЛНИ НОМЕРА
Koha biblioitemnumber 201195
Наличности
Код за отписване Код за изгубен артикул Код за повреда Коз за рестрикции Код за отдаване Артикулен № Име на библиотеката - собственик Име на библиотеката, в която се намира в момента Статус (Текущо местоположение) Дата на вписване в системата Местоположение - отдел Цена в лева Инвентарен номер Систематично азбучна сигнатура Баркод Номер на екземпляра Цена в евро Служебна бележка Служебен тип на артикула Източник на класификационната схема
  Не е изгубен Не е повреден без рестрикции ползва се в читалня 348522 Регионална библиотека "Любен Каравелов" Русе Регионална библиотека "Любен Каравелов" Русе Хранилище 2017-08-07 Хранилище 7.99 120000814018 Цб ІІ 21952 120000814018 1 4.09 Дост: Dp Вид: Д N: 27 Дата: 12.06.2017 Книги  
  Не е изгубен Не е повреден без рестрикции заемане за дома 900597 Регионална библиотека "Любен Каравелов" Русе Регионална библиотека "Любен Каравелов" Русе Детски отдел 2022-08-17 Детски отдел 7.99   373.2/П 97 120000874370   4.09   Книги Universal Decimal Classification
Vip Innovations Ltd, Rousse, Bulgaria 2025